ASIJSKÁ HLAVNÍ MĚSTA - Statistics

General Stats
  • This quiz has been taken 161 times
  • The average score is 25 of 48
Answer Stats
Hint Answer % Correct
Čína Peking
90%
Japonsko Tokio
86%
Egypt Káhira
85%
Rusko Moskva
84%
Jižní Korea Soul
84%
Afghánistán Kábul
78%
Indie Nové Dillí
78%
Turecko Ankara
75%
Ázerbájdžán Baku
74%
Izrael Jeruzalém
74%
Singapur Singapur
74%
Indonésie Jakarta
71%
Vietnam Hanoj
70%
Filipíny Manila
70%
Kazachstán Astana
68%
Kypr Nikósie
68%
Írán Teherán
68%
Arménie Jerevan
66%
Irák Bagdád
63%
Mongolsko Ulánbátar
63%
Maledivy Male
60%
Saúdská Arábie Rijád
60%
Gruzie Tbilisi
60%
Thajsko Bangkok
59%
Spojené arabské emiráty Abú Dhabí
58%
Kuvajt Kuvajt
58%
Malajsie Kuala Lumpur
55%
Libanon Bejrút
52%
Bangladéš Dháka
52%
Sýrie Damašek
51%
Pákistán Islámábád
49%
Jemen Saná
45%
Nepál Káthmándú
42%
Severní Korea Pchjongjang
42%
Jordánsko Ammán
38%
Katar Dauhá
38%
Bahrajn Manáma
30%
Omán Maskat
30%
Kyrgyzstán Biškek
26%
Tádžikistán Dušanbe
23%
Uzbekistán Taškent
23%
Laos Vientiane
22%
Brunej Bandar Seri Begawan
16%
Kambodža Phnompenh
16%
Turkmenistán Ašchabad
10%
Myanmar (Barma) Neipyijto
7%
Srí Lanka Šrí Kotte
5%
Bhútán Thimbú
4%
No matching quizzes found
Score Distribution
Percent of People with Each Score
Percentile by Number Answered
Your Score History
You have not taken this quiz